|
|
|
|
| LEADER |
00000nab a2200000 a 4500 |
| 001 |
vtls008847518 |
| 003 |
SK-MaSNL |
| 005 |
20260304140059.0 |
| 008 |
250505c2006 xo mr|p|||||||000 b|slo |
| 015 |
|
|
|a SNBRB2006/09
|2 snkbucl
|
| 035 |
|
|
|a (uuid)eb478dae-b234-450a-9d29-bdea18c66da6
|
| 035 |
|
|
|a urn:nbn:sk:snk-abc0pk
|
| 035 |
|
|
|a (urnnbn)urn:nbn:sk:snk:ar-004fk6
|
| 038 |
|
|
|a SNKBUCL
|
| 040 |
|
|
|a SNKBUCL
|b slo
|c SNKBUCL
|e AACR2
|
| 041 |
1 |
|
|a slo
|h eng
|
| 044 |
|
|
|a xo
|c SK
|
| 080 |
|
|
|a 821.111 (667)-31
|2 1997
|
| 100 |
1 |
|
|a Laing, Kojo
|d 1946-
|4 aut
|9 90309
|
| 245 |
1 |
0 |
|a Uprázdnený post po Ježišovi Kristovi
|c Kojo Laing ; preložila Mária Kočanová
|
| 650 |
0 |
7 |
|a spoločenské romány, ghanské anglické
|x úryvky
|2 snkbucl
|9 1456110
|
| 700 |
1 |
|
|a Kočanová, Mária,
|d 1955-
|4 trl
|9 123861
|
| 773 |
0 |
|
|t Revue svetovej literatúry
|g Roč. XLII, č. 2 (2006), s. 121-127
|
| 850 |
|
|
|a Slovenská národná knižnica
|
| 852 |
|
|
|a Slovenská národná knižnica
|
| 958 |
|
|
|a article15
|
| 958 |
|
|
|a OND
|
| 958 |
|
|
|a LX
|
| 958 |
|
|
|a GH
|
| 958 |
|
|
|a EUIPO
|
| 999 |
|
|
|c 2913490
|d 2915420
|